MARC

LEADER 00000cam a2200000 c 4500
001 528774808
003 DE-627
005 20240420233341.0
007 tu
008 070510s2008 xxu||||| 00| ||eng c
010 |a  2007019058 
020 |a 0874130026  |c alk. paper  |9 0-87413-002-6 
020 |a 9780874130027  |c  : alk. paper  |9 978-0-87413-002-7 
035 |a (DE-627)528774808 
035 |a (DE-576)288209982 
035 |a (DE-599)GBV528774808 
035 |a (OCoLC)237197903 
035 |a (OCoLC)124036345 
040 |a DE-627  |b ger  |c DE-627  |e rakwb 
041 |a eng 
044 |c XD-US 
050 0 |a PR3011 
082 0 |a 822.3/3  |q LOC  |2 22 
082 0 |a 822.33 
084 |a 7,25  |2 ssgn 
084 |a 1  |2 ssgn 
084 |a HI 3320  |q BVB  |2 rvk  |0 (DE-625)rvk/50006: 
084 |a 17.93  |2 bkl 
084 |a 17.82  |2 bkl 
084 |a 18.05  |2 bkl 
100 1 |0 (DE-588)136426468  |0 (DE-627)583282938  |0 (DE-576)301013829  |4 aut  |a Beauregard, David N.  |d 1937- 
109 |a Beauregard, David N. 1937-  |a Beauregard, David 1937- 
191 |a 1 
245 1 0 |a Catholic theology in Shakespeare's plays  |c David N. Beauregard 
264 1 |a Newark, Del.  |b Univ. of Delaware Press  |c 2008 
300 |a 226 S. 
336 |a Text  |b txt  |2 rdacontent 
337 |a ohne Hilfsmittel zu benutzen  |b n  |2 rdamedia 
338 |a Band  |b nc  |2 rdacarrier 
500 |a Includes bibliographical references and index 
583 1 |a Archivierung prüfen  |c 20200919  |f DE-640  |z 1  |2 pdager 
583 1 |a Archivierung/Langzeitarchivierung gewährleistet  |f SSG  |x XA-DE-BW  |2 pdager  |5 DE-21 
583 1 |a Archivierung prüfen  |c 20240324  |f DE-4165  |z 1  |2 pdager 
600 1 0 |a Shakespeare, William  |d 1564-1616  |x Religion 
600 1 0 |a Shakespeare, William 1564-1616  |x Religion 
601 |a Theologe 
610 1 0 |a Catholic Church  |x In literature 
610 2 0 |a Catholic Church  |x In literature 
650 0 |a Christianity and literature  |z England  |x History  |y 16th century 
650 0 |a Christianity and literature  |z England  |x History  |y 17th century 
650 0 |a Drama  |x Religious aspects  |x Christianity 
650 0 |a Christianity and literature  |x History  |x 16th century  |x England 
650 0 |a Christianity and literature  |x History  |x 17th century  |x England 
650 0 |a Drama  |x Religious aspects  |x Christianity 
689 0 0 |d p  |0 (DE-588)118613723  |0 (DE-627)133447340  |0 (DE-576)209110236  |2 gnd  |a Shakespeare, William  |d 1564-1616 
689 0 1 |d s  |0 (DE-588)4489454-5  |0 (DE-627)240712072  |0 (DE-576)212962388  |2 gnd  |a Katholizismus  |g Motiv 
689 0 |5 (DE-627) 
787 0 8 |i Rezensiert in  |a Hillier, Russell M.  |t Catholic Theology in Shakespeare's Plays. By David N. Beauregard  |d 2009  |w (DE-627)1780312350 
787 0 8 |i Rezensiert in  |a Shell, Alison  |t Catholic Theology in Shakespeare’s Plays by David N. Beauregard, and: Texts and Traditions: Religion in Shakespeare 1592-1604 by Beatrice Groves (review)  |d 2010  |w (DE-627)1812932545 
856 4 2 |u http://www.loc.gov/catdir/toc/ecip0717/2007019058.html  |x Verlag  |y Table of contents only  |7 1 
935 |a mteo 
935 |i Blocktest 
936 r v |a HI 3320  |b Weltanschauung; Religion  |k Anglistik. Amerikanistik  |k Englische Literatur  |k Renaissance, Elisabethanische Zeit (1500-1640)  |k Literaturgeschichte  |k Einzelne Autoren und Denkmäler  |k Autoren und Denkmäler S  |k Shakespeare, William  |k Sekundärliteratur  |k Geistige Welt  |k Weltanschauung; Religion  |0 (DE-627)1271580594  |0 (DE-625)rvk/50006:  |0 (DE-576)201580594 
936 b k |a 17.93  |j Literarische Stoffe  |j literarische Motive  |j literarische Themen  |0 (DE-627)106404490 
936 b k |a 17.82  |j Dramatik  |0 (DE-627)181571684 
936 b k |a 18.05  |j Englische Literatur  |0 (DE-627)10640539X 
951 |a BO 
ELC |b 1 
ITA |a 1  |t 1 
LOK |0 000 xxxxxcx a22 zn 4500 
LOK |0 001 3200780533 
LOK |0 003 DE-627 
LOK |0 004 528774808 
LOK |0 005 20090112115409 
LOK |0 008 081124||||||||||||||||ger||||||| 
LOK |0 040   |a DE-21  |c DE-627  |d DE-21 
LOK |0 852   |a DE-21 
LOK |0 852 1  |c 49 A 143  |9 00 
LOK |0 935   |a theo 
LOK |0 936ln  |a t3.3 
LOK |0 938   |a 0901  |f 2 
LOK |0 939   |a 24-11-08  |b l01 
ORI |a SA-MARC-ixtheoa001.raw 
REL |a 1 
STA 0 0 |a Drama,Play,Theater piece,Dramatic art,Drama 
STB 0 0 |a Théâtre,Drame,Drame 
STC 0 0 |a Drama 
STD 0 0 |a Dramma 
STE 0 0 |a 戏剧 
STF 0 0 |a 戲劇 
STG 0 0 |a Drama 
STH 0 0 |a Драма 
STI 0 0 |a Δράμα 
SUB |a REL 
SYA 0 0 |a Shashibiya,1564-1616,Schakespear, William,1564-1616,Schakespear,1564-1616,Šaḳisper, Veilliyam,1564-1616,Šaḳisper, Veilliyem,1564-1616,Šaḳisper,1564-1616,Šeḳisper,1564-1616,Šekesper,1564-1616,Šekesper, Wilyam,1564-1616,Shakespeare, Guillermo,1564-1616,Chekchapiyera, William,1564-1616,Saixpēr, Uilliam,1564-1616,Saixpēros,1564-1616,Šakisbīr, Williyam,1564-1616,S'egsi-pe-yar, Wi-li-am,1564-1616,Sekhspír,1564-1616,Šekspir, Vilijam,1564-1616,Šekspir, Vil'jam,1564-1616,Šekspir, V.,1564-1616,Šekspir, Wiliam,1564-1616,Šekspir, William,1564-1616,Šekspiras, Viljamas,1564-1616,Šek'spiri, Uiliam,1564-1616,Šekspīrs, Viljams,1564-1616,Šekspyras, V.,1564-1616,Shakespear, W.,1564-1616,Shakespear, William,1564-1616,Shake-Spear, William,1564-1616,Shakespeare,1564-1616,Shakespeare, Gwilherm,1564-1616,Shakespeare, W.,1564-1616,Shakespeare, Wilhelm,1564-1616,Shakespeare, Willhelm,1564-1616,Shakespearowy, W.,1564-1616,Shake-Speare, William,1564-1616,Shakspear,1564-1616,Shakspeare,1564-1616,Shakspeare, Guglielmo,1564-1616,Shakspeare, Guillaume,1564-1616,Shakspeare, William,1564-1616,Shak-Speare, William,1564-1616,Shashibiya, William,1564-1616,Sheikusupia, Uiriamu,1564-1616,Sheḳspir, Ṿiliam,1564-1616,Šhekspir, Viliam,1564-1616,Shex'pir, Wil'yam,1564-1616,Shig-si-phi-ya,1564-1616,Sheg-si-phi-yar,1564-1616,Šiksbīr, Wīlīam,1564-1616,Šiksbīr, Willyam,1564-1616,Šikspīr, Wīlīam,1564-1616,Szekspir, Wiliam,1564-1616,Szekspir, William,1564-1616,Sheḳspir, Ṿiliyam,1564-1616,Schakespeare, William,1564-1616,Šaksbīr, Wiliyam,1564-1616,Shashibiya,1564-1616,Shakspere,1564-1616,Šekspir, Uil'jam,1564-1616,Shakespear,1564-1616,Saixpēr,1564-1616,Sakespeiros,1564-1616,Shakesperae, William,1564-1616,Shackespear,1564-1616,S., W.,1564-1616,Shakespeare, Guglielmo,1564-1616,S̆ekspir, Vilʹjam,1564-1616,S̆ekspir, Viljem,1564-1616,S̆ekspyras, Viljamas,1564-1616,S̆ekhspiri, Wiliam,1564-1616,Chakespear, William,1564-1616,Sakespear, William,1564-1616,Shakspeare, Wilhelm,1564-1616,Šekspir,1564-1616,Shak-speare, William,1564-1616,Šekspir, Vilém,1564-1616,Šekspire,1564-1616,Shaksper, William,1564-1616,Szekspir, Wiljam,1564-1616,Saíxpēr, Uílliam,1564-1616,Sakespeĩros, Uíïlliam,1564-1616,Schekspirs, Wiljams,1564-1616,Sekspiri, Viliam,1564-1616,Shekspir, Uiliem,1564-1616,Sekspir, Vilijam,1564-1616,Bacon-Shakespeare, Francis,1564-1616,Pseudo-Shakespeare,1564-1616,Šekspir, U.,1564-1616,Shaekespeare, William,1564-1616,Shakespear, Wilhelm,1564-1616,Shakespear, Willhelm,1564-1616,Shakespere, William,1564-1616,Shakspear, William,1564-1616,Shakspere, William,1564-1616,Šekspyras,1564-1616,Šekspir, Uilʹjam,1564-1616,Shakespere, Vilmos,1564-1616,Šekspir, Uiljam,1564-1616,Šekspir, Villiam,1564-1616,Sheḳspir, Ṿilyam,1564-1616,Sheḳsper,1564-1616,Shekspir, Uiljjam,1564-1616 
SYE 0 0 |a Theaterstück,Dramatik,Schauspiel,Theaterstück,Dramen,Dramatisches Werk , Theaterstück,Dramatik,Schauspiel,Theaterstück,Dramen,Dramatisches Werk 
SYG 0 0 |a Shashibiya,1564-1616,Schakespear, William,1564-1616,Schakespear,1564-1616,Šaḳisper, Veilliyam,1564-1616,Šaḳisper, Veilliyem,1564-1616,Šaḳisper,1564-1616,Šeḳisper,1564-1616,Šekesper,1564-1616,Šekesper, Wilyam,1564-1616,Shakespeare, Guillermo,1564-1616,Chekchapiyera, William,1564-1616,Saixpēr, Uilliam,1564-1616,Saixpēros,1564-1616,Šakisbīr, Williyam,1564-1616,S'egsi-pe-yar, Wi-li-am,1564-1616,Sekhspír,1564-1616,Šekspir, Vilijam,1564-1616,Šekspir, Vil'jam,1564-1616,Šekspir, V.,1564-1616,Šekspir, Wiliam,1564-1616,Šekspir, William,1564-1616,Šekspiras, Viljamas,1564-1616,Šek'spiri, Uiliam,1564-1616,Šekspīrs, Viljams,1564-1616,Šekspyras, V.,1564-1616,Shakespear, W.,1564-1616,Shakespear, William,1564-1616,Shake-Spear, William,1564-1616,Shakespeare,1564-1616,Shakespeare, Gwilherm,1564-1616,Shakespeare, W.,1564-1616,Shakespeare, Wilhelm,1564-1616,Shakespeare, Willhelm,1564-1616,Shakespearowy, W.,1564-1616,Shake-Speare, William,1564-1616,Shakspear,1564-1616,Shakspeare,1564-1616,Shakspeare, Guglielmo,1564-1616,Shakspeare, Guillaume,1564-1616,Shakspeare, William,1564-1616,Shak-Speare, William,1564-1616,Shashibiya, William,1564-1616,Sheikusupia, Uiriamu,1564-1616,Sheḳspir, Ṿiliam,1564-1616,Šhekspir, Viliam,1564-1616,Shex'pir, Wil'yam,1564-1616,Shig-si-phi-ya,1564-1616,Sheg-si-phi-yar,1564-1616,Šiksbīr, Wīlīam,1564-1616,Šiksbīr, Willyam,1564-1616,Šikspīr, Wīlīam,1564-1616,Szekspir, Wiliam,1564-1616,Szekspir, William,1564-1616,Sheḳspir, Ṿiliyam,1564-1616,Schakespeare, William,1564-1616,Šaksbīr, Wiliyam,1564-1616,Shashibiya,1564-1616,Shakspere,1564-1616,Šekspir, Uil'jam,1564-1616,Shakespear,1564-1616,Saixpēr,1564-1616,Sakespeiros,1564-1616,Shakesperae, William,1564-1616,Shackespear,1564-1616,S., W.,1564-1616,Shakespeare, Guglielmo,1564-1616,S̆ekspir, Vilʹjam,1564-1616,S̆ekspir, Viljem,1564-1616,S̆ekspyras, Viljamas,1564-1616,S̆ekhspiri, Wiliam,1564-1616,Chakespear, William,1564-1616,Sakespear, William,1564-1616,Shakspeare, Wilhelm,1564-1616,Šekspir,1564-1616,Shak-speare, William,1564-1616,Šekspir, Vilém,1564-1616,Šekspire,1564-1616,Shaksper, William,1564-1616,Szekspir, Wiljam,1564-1616,Saíxpēr, Uílliam,1564-1616,Sakespeĩros, Uíïlliam,1564-1616,Schekspirs, Wiljams,1564-1616,Sekspiri, Viliam,1564-1616,Shekspir, Uiliem,1564-1616,Sekspir, Vilijam,1564-1616,Bacon-Shakespeare, Francis,1564-1616,Pseudo-Shakespeare,1564-1616,Šekspir, U.,1564-1616,Shaekespeare, William,1564-1616,Shakespear, Wilhelm,1564-1616,Shakespear, Willhelm,1564-1616,Shakespere, William,1564-1616,Shakspear, William,1564-1616,Shakspere, William,1564-1616,Šekspyras,1564-1616,Šekspir, Uilʹjam,1564-1616,Shakespere, Vilmos,1564-1616,Šekspir, Uiljam,1564-1616,Šekspir, Villiam,1564-1616,Sheḳspir, Ṿilyam,1564-1616,Sheḳsper,1564-1616,Shekspir, Uiljjam,1564-1616 , Katholiken